000 00611nam a2200205Ii 4500
003 JO-AjNU
008 230606s9999||||xx |||||||||||||| ||und||
020 _a978-93-5111-429-1
040 _aJO-AjNU
_beng
_erda
_cJO-AjNU
041 _aeng
050 1 4 _aTH145.2014
100 3 _aKhan, Naseer,
_eauthor
_94407
245 0 0 _aConstrucation Planning Equipment and Methods
264 3 1 _aNew Delhi:Random pub,2014
300 _a320p
336 _atext
_btxt
_2rdacontent
337 _aunmediated
_bn
_2rdamedia
338 _avolume
_bnc
_2rdacarrier
650 4 _aConstrucation Planning Equipment and Methods
_94408
999 _aE2289
_c2287
_d2287